000 00385nam a22001457a 4500
003 OSt
008 240830b |||||||| |||| 00| 0 eng d
020 _a9788173200922
082 _a669.0954
_bMIA
100 _aMISHRA, Ashoka K
245 _aAncient Indian Metallurgy: Theory and Practice
260 _aNew Delhi:
_bAgam Kala Prakashan,
_c2009.
300 _axi,217p.
942 _2ddc
_cBK
999 _c12870
_d12870